000 00776nam a2200217 i 4500
001 110749
003 ES-MaACL
007 t|
008 070124s1936 sp ||||1| spa d
080 _a347.172
100 1 _aOgáyar y Ayllón, Tomás.
_986565
245 1 3 _aLa ausencia en Derecho sustantivo y adjetivo
_b: origen histórico de esta institución... /
_cTomás Ogáyar y Ayllón.
250 _a1ª ed.
260 _aMadrid :
_bHijos de Reus,
_c1936.
300 _aXV, 239 p. ;
_c23 cm.
490 1 _aBiblioteca jurídica de autores españoles y extranjeros ;
_v187
650 1 7 _aDerecho civil
_2embne
_911656
830 0 _aBiblioteca jurídica de autores españoles y extranjeros ;
_v187
_9182228
852 _aES-MaACL
_jE-3152
999 _c110749
_d110749